Đánh giá đất đai phục vụ qui hoạch cây công nghiệp dài ngày huyện Long Thành, tỉnh Đồng Nai

Zapisane w:
Opis bibliograficzny
1. autor: Trương, Thị Quỳnh Như
Format: Książka
Język:Undetermined
Hasła przedmiotowe:
Dostęp online:http://lrc.tdmu.edu.vn/opac/search/detail.asp?aID=2&ID=35247
Etykiety: Dodaj etykietę
Nie ma etykietki, Dołącz pierwszą etykiete!
Thư viện lưu trữ: Trung tâm Học liệu Trường Đại học Thủ Dầu Một
LEADER 00674nam a2200145Ia 4500
001 TDMU_35247
008 210410s9999 xx 000 0 und d
082 |a 627.5 
100 |a Trương, Thị Quỳnh Như 
245 0 |a Đánh giá đất đai phục vụ qui hoạch cây công nghiệp dài ngày huyện Long Thành, tỉnh Đồng Nai 
245 0 |c Trương Thị Quỳnh Như, Lê Năm 
300 |a Tr.92-98 
650 |a Nông - Lâm nghiệp; Đánh giá; Quy hoạch; Đất đai; Đồng Nai 
856 |u http://lrc.tdmu.edu.vn/opac/search/detail.asp?aID=2&ID=35247 
980 |a Trung tâm Học liệu Trường Đại học Thủ Dầu Một